| 000 | 01127naa a22003017a 4500 | ||
|---|---|---|---|
| 001 | BR7307393 | ||
| 003 | BR-BrBNA | ||
| 005 | 20240918173506.0 | ||
| 007 | ta | ||
| 008 | 230509b bl.||||| |||| 00| 0 por d | ||
| 040 |
_aBR-BrBNA _bpor _cBiblioteca Nacional de Agricultura |
||
| 041 | _a(Pt) | ||
| 072 |
_aH60 _b1930 _b3876 |
||
| 090 | _aH60 BR7307393 | ||
| 100 | 1 | _aLeiderman, L. | |
| 100 | 1 | _aGregori, R. | |
| 111 | 1 |
_a6. Seminario Brasileiro de Herbicidas e Ervas Daninhas _cSete Lagoas, MG (Brazil) _d2 Aug 1966 |
|
| 245 | 1 | _aErradicacao do capim angola por meio de herbicidas residuais [Brachiaria purpurascens] | |
| 260 | 3 |
_aSete Lagoas, MG (Brasil): _c1968. |
|
| 500 | _aAnais do 6. Seminario Brasileiro de Herbicidas e Ervas Daninhas Sete Lagoas, MG (Brasil): 1968. p. 303-307 (BR7307393-AM)H60 | ||
| 650 | _aERVA DANINHA | ||
| 650 | _aCAPIM ANGOLA | ||
| 650 | _aHERBICIDA | ||
| 650 | _aERRADICACAO | ||
| 773 | 0 |
_tAnais do 6. Seminario Brasileiro de Herbicidas e Ervas Daninhas _wH60 BR7307393 _gSete Lagoas, MG (Brasil), 1968. p. 303-307 |
|
| 909 |
_a202404 _bLucia _c55 _dLucia Elande |
||
| 942 |
_cAM _2AGRIS |
||
| 999 |
_c304967 _d304967 |
||